It looks like you're offline.
Open Library logo
additional options menu

MARC record from Internet Archive

LEADER: 02274cam 2200565 a 4500
001 ocn310157948
003 OCoLC
005 20181112020112.0
008 110428s2009 enk 000 1 eng
010 $a 2011381531
040 $aUKM$beng$cDLC$dUKM$dBTCTA$dBWKUK$dYDXCP$dORX$dJP3$dOCLCQ$dBDX$dOCLCQ$dOCLCF$dOCLCQ$dSFR$dOCLCQ$dLNC$dMZ3
015 $aGBA918168$2bnb
016 7 $a014909855$2Uk
020 $a9781905636471$q(pbk.)
020 $a1905636474$q(pbk.)
035 $a(OCoLC)310157948
042 $alccopycat
050 00 $aPR6104.L33$bG37 2009
082 00 $a823/.92$222
100 1 $aD'Lacey, Joseph.
245 10 $aGarbage man /$cJoseph D'Lacey.
260 $aLondon :$bBloody Books,$c℗♭2009.
300 $a345 pages ;$c20 cm
336 $atext$btxt$2rdacontent
337 $aunmediated$bn$2rdamedia
338 $avolume$bnc$2rdacarrier
520 $a"Mason Brand has fled his life as a celebrated photographer and renounced his past. He is living rough, as a hermit in the Welsh hills. But something happens to him among the mossy oaks. He begins to hear 'the calling.' Years later, giving society a final change, Mason is living within sight of Shreve's colossal landfill dump. He hears 'the calling' again. This time he will heed it, and it will lead him. For he is called to assist in the birthing of a terrible child - the Garbage Man"--Page 4 of cover.
650 0 $aSanitary landfills$vFiction.
650 7 $aSanitary landfills.$2fast$0(OCoLC)fst01105039
655 0 $aHorror tales.
655 7 $aFiction.$2fast$0(OCoLC)fst01423787
655 7 $aHorror tales.$2fast$0(OCoLC)fst01726645
655 7 $aHorror fiction.$2gsafd
655 7 $aHorror tales.$2lcgft
655 4 $aHorror fiction.
938 $aBrodart$bBROD$n12731579$c$11.95
938 $aBaker and Taylor$bBTCP$nBK0008225805
938 $aYBP Library Services$bYANK$n3501907
029 1 $aAU@$b000044716766
029 1 $aCBK$b119427893
029 1 $aNOK$b1905636474
029 1 $aNZ1$b12896039
029 1 $aUKBCI$b119427893
029 1 $aUKBNS$b119427893
029 1 $aUKSCO$b119427893
029 1 $aUKSGC$b119427893
029 1 $aUKSOM$b119427893
029 1 $aUNITY$b119427893
994 $aZ0$bP4A
948 $hNO HOLDINGS IN P4A - 110 OTHER HOLDINGS